000
00265nam a2200097Ia 4500
008
120527s9999 xx 000 0 und d
100
_a
Harris, P.J.M.etal
245
_a
Accounting in the hold and catering industry. Fouth ed.
260
_b
Stanlet Thomas
942
_c
BK
999
_c
14903
_d
14903